000
00297nam a22001337a 4500
008
170511b xxu||||| |||| 00| 0 eng d
020
_a
9780314184023
041
_a
eng
080
_2
10TH
_a
347
100
_a
15
101
_a
SHJ
245
_a
CIVIL PROCEDURE
_c
FRIEDENTHAL, J.H
942
_2
udc
_c
BK
999
_c
13270
_d
13270